[Event "Moscow_Open_19_Turnir"]
[Site "?"]
[Date "2019.02.01"]
[Round "8.11"]
[White "Pischasov, Alexander"]
[Black "Badalyan, Shavarsh"]
[Result "1-0"]
[BlackElo "2198"]
[WhiteElo "2022"]
[LiveChessVersion "1.4.8"]

1. d4 {[%clk 1:30:58]} e6 {[%clk 1:27:30]} 2. c4 {[%clk 1:31:06]} b6
{[%clk 1:26:08]} 3. Nf3 {[%clk 1:26:17]} Nf6 {[%clk 1:24:08]} 4. g3
{[%clk 1:25:54]} Bb7 {[%clk 1:23:25]} 5. Bg2 {[%clk 1:26:10]} Be7
{[%clk 1:23:46]} 6. O-O {[%clk 1:26:33]} O-O {[%clk 1:24:11]} 7. Nc3
{[%clk 1:26:09]} Ne4 {[%clk 1:24:28]} 8. Qc2 {[%clk 1:23:33]} Nxc3
{[%clk 1:24:46]} 9. Qxc3 {[%clk 1:23:10]} Bf6 {[%clk 1:22:44]} 10. Qc2
{[%clk 1:19:26]} d5 {[%clk 1:16:11]} 11. cxd5 {[%clk 1:18:29]} exd5
{[%clk 1:15:57]} 12. Bf4 {[%clk 1:18:04]} Na6 {[%clk 1:15:52]} 13. Rfd1
{[%clk 1:15:07]} Re8 {[%clk 1:11:50]} 14. Rac1 {[%clk 1:12:36]} c5
{[%clk 1:07:07]} 15. dxc5 {[%clk 1:08:53]} bxc5 {[%clk 1:06:26]} 16. h4
{[%clk 1:08:20]} Qe7 {[%clk 1:02:24]} 17. e3 {[%clk 1:07:54]} h6 {[%clk 1:01:41]}
18. h5 {[%clk 1:06:09]} Nb4 {[%clk 0:52:12]} 19. Qxc5 {[%clk 1:03:23]} Qxc5
{[%clk 0:47:20]} 20. Rxc5 {[%clk 1:03:44]} Ba6 {[%clk 0:47:34]} 21. Rd2
{[%clk 0:49:08]} Nxa2 {[%clk 0:46:22]} 22. Ra5 {[%clk 0:44:02]} Bc4
{[%clk 0:46:17]} 23. b3 {[%clk 0:37:29]} Bxb3 {[%clk 0:46:43]} 24. Rdxa2
{[%clk 0:37:52]} Bxa2 {[%clk 0:47:09]} 25. Rxa2 {[%clk 0:38:16]} a5
{[%clk 0:47:07]} 26. Nd4 {[%clk 0:35:24]} a4 {[%clk 0:46:14]} 27. Bxd5
{[%clk 0:34:56]} Ra5 {[%clk 0:46:36]} 28. Bc6 {[%clk 0:32:53]} Rc8
{[%clk 0:46:37]} 29. Rxa4 {[%clk 0:30:36]} Rxa4 {[%clk 0:47:01]} 30. Bxa4
{[%clk 0:31:02]} Bxd4 {[%clk 0:47:25]} 31. exd4 {[%clk 0:31:28]} Rc4
{[%clk 0:47:51]} 32. Bb3 {[%clk 0:30:59]} Rxd4 {[%clk 0:48:17]} 33. Kg2
{[%clk 0:30:41]} Rb4 {[%clk 0:48:41]} 34. Bd1 {[%clk 0:30:58]} Rd4
{[%clk 0:49:06]} 35. Be2 {[%clk 0:31:21]} Re4 {[%clk 0:49:23]} 36. Kf3
{[%clk 0:31:27]} Ra4 {[%clk 0:49:47]} 37. Be3 {[%clk 0:31:48]} Rb4
{[%clk 0:50:03]} 38. Bd1 {[%clk 0:31:08]} Rb1 {[%clk 0:50:21]} 39. Ke2
{[%clk 0:31:33]} Rb2+ {[%clk 0:50:40]} 40. Kd3 {[%clk 0:31:57]} Rb1
{[%clk 0:51:00]} 41. Bf3 {[%clk 0:32:20]} Rb4 {[%clk 0:51:23]} 42. Bd4
{[%clk 0:32:33]} Ra4 {[%clk 0:51:36]} 43. Ke4 {[%clk 0:32:54]} Ra5
{[%clk 0:51:56]} 44. Be2 {[%clk 0:31:26]} Ra2 {[%clk 0:50:35]} 45. Bc4
{[%clk 0:31:05]} Ra5 {[%clk 0:50:54]} 46. Bd5 {[%clk 0:31:14]} Ra6
{[%clk 0:50:34]} 47. g4 {[%clk 0:31:20]} Ra5 {[%clk 0:50:08]} 48. f3
{[%clk 0:31:22]} Ra6 {[%clk 0:50:31]} 49. Ke5 {[%clk 0:30:58]} Kf8
{[%clk 0:50:43]} 50. Bc5+ {[%clk 0:31:18]} Kg8 {[%clk 0:50:43]} 51. Be4
{[%clk 0:31:22]} Re6+ {[%clk 0:50:57]} 52. Kd5 {[%clk 0:31:44]} Ra6
{[%clk 0:51:03]} 53. Kc4 {[%clk 0:31:55]} Re6 {[%clk 0:51:18]} 54. Bf5
{[%clk 0:31:55]} Ra6 {[%clk 0:51:21]} 55. Kb5 {[%clk 0:32:04]} Rf6
{[%clk 0:51:35]} 56. Be7 {[%clk 0:32:11]} Rxf5+ {[%clk 0:51:24]} 57. gxf5
{[%clk 0:32:39]} f6 {[%clk 0:51:46]} 58. Bc5 {[%clk 0:32:45]} 1-0

[Event "Moscow_Open_19_Turnir"]
[Site "?"]
[Date "2019.02.01"]
[Round "8.12"]
[White "Grachev, Andrey"]
[Black "Kuzub, Pavel"]
[Result "1-0"]
[BlackElo "1976"]
[WhiteElo "2181"]
[LiveChessVersion "1.4.8"]

1. e4 {[%clk 1:30:54]} c5 {[%clk 1:30:56]} 2. Nf3 {[%clk 1:31:19]} d6
{[%clk 1:31:22]} 3. d4 {[%clk 1:31:44]} cxd4 {[%clk 1:31:51]} 4. Nxd4
{[%clk 1:32:07]} Nf6 {[%clk 1:32:17]} 5. Nc3 {[%clk 1:32:32]} a6 {[%clk 1:32:44]}
6. h3 {[%clk 1:32:48]} g6 {[%clk 1:33:10]} 7. g4 {[%clk 1:30:08]} Bg7
{[%clk 1:33:35]} 8. Be3 {[%clk 1:29:52]} b5 {[%clk 1:32:20]} 9. Bg2
{[%clk 1:29:06]} Bb7 {[%clk 1:32:33]} 10. Qd2 {[%clk 1:23:29]} h5
{[%clk 1:31:58]} 11. g5 {[%clk 1:23:49]} Nfd7 {[%clk 1:32:22]} 12. f4
{[%clk 1:22:29]} Nb6 {[%clk 1:27:04]} 13. b3 {[%clk 1:19:35]} b4 {[%clk 1:15:48]}
14. Nd5 {[%clk 1:18:29]} Nxd5 {[%clk 1:15:10]} 15. exd5 {[%clk 1:18:57]} Qa5
{[%clk 1:14:57]} 16. O-O {[%clk 1:14:35]} O-O {[%clk 1:07:48]} 17. a3
{[%clk 1:13:38]} Rc8 {[%clk 0:56:36]} 18. axb4 {[%clk 1:13:30]} Qc7
{[%clk 0:56:59]} 19. c4 {[%clk 1:13:40]} Nd7 {[%clk 0:57:13]} 20. Ra2
{[%clk 1:13:38]} Nf8 {[%clk 0:57:05]} 21. f5 {[%clk 1:07:44]} Re8
{[%clk 0:53:37]} 22. Qf2 {[%clk 1:05:15]} e5 {[%clk 0:48:48]} 23. dxe6
{[%clk 1:05:33]} Bxg2 {[%clk 0:49:08]} 24. Kxg2 {[%clk 1:05:09]} Bxd4
{[%clk 0:48:52]} 25. exf7+ {[%clk 0:51:57]} Qxf7 {[%clk 0:49:16]} 26. Bxd4
{[%clk 0:52:23]} Re4 {[%clk 0:47:41]} 27. Re2 {[%clk 0:39:45]} Qxf5
{[%clk 0:41:01]} 28. Rxe4 {[%clk 0:36:11]} Qxe4+ {[%clk 0:41:24]} 29. Kh2
{[%clk 0:36:35]} Ne6 {[%clk 0:39:55]} 30. Qd2 1-0

[Event "Moscow_Open_19_Turnir"]
[Site "?"]
[Date "2019.02.01"]
[Round "8.13"]
[White "Antonov, Andrey P."]
[Black "Zhaksygulov, Askarbai"]
[Result "1-0"]
[BlackElo "1795"]
[WhiteElo "2150"]
[LiveChessVersion "1.4.8"]

1. e4 c6 {[%clk 1:14:33]} 2. d4 {[%clk 1:31:12]} d5 {[%clk 1:14:44]} 3. Nc3
{[%clk 1:31:23]} dxe4 {[%clk 1:14:51]} 4. Nxe4 {[%clk 1:31:46]} Bf5
{[%clk 1:15:19]} 5. Ng3 {[%clk 1:32:04]} Bg6 {[%clk 1:15:44]} 6. h4
{[%clk 1:32:25]} h6 {[%clk 1:16:09]} 7. Nf3 {[%clk 1:32:41]} Nd7 {[%clk 1:16:35]}
8. h5 {[%clk 1:33:04]} Bh7 {[%clk 1:17:02]} 9. Bd3 {[%clk 1:33:28]} Bxd3
{[%clk 1:17:21]} 10. Qxd3 {[%clk 1:33:53]} Ngf6 {[%clk 1:17:39]} 11. Bf4
{[%clk 1:33:31]} Qa5+ {[%clk 1:17:50]} 12. Bd2 {[%clk 1:33:29]} Qc7
{[%clk 1:18:06]} 13. O-O-O {[%clk 1:33:44]} O-O-O {[%clk 1:17:34]} 14. Ne4
{[%clk 1:33:50]} e6 {[%clk 1:16:48]} 15. g3 {[%clk 1:34:16]} Nc5 {[%clk 1:15:30]}
16. Nxc5 {[%clk 1:33:57]} Bxc5 {[%clk 1:15:58]} 17. c4 {[%clk 1:34:15]} Bd6
{[%clk 1:12:31]} 18. Bc3 {[%clk 1:33:20]} Kb8 {[%clk 1:08:34]} 19. Kb1
{[%clk 1:29:44]} Ng4 {[%clk 0:59:38]} 20. Qe2 {[%clk 1:28:47]} Rhe8
{[%clk 0:54:33]} 21. Nd2 {[%clk 1:22:16]} Nf6 {[%clk 0:54:23]} 22. f4
{[%clk 1:22:32]} Re7 {[%clk 0:51:46]} 23. c5 {[%clk 1:19:51]} Nd5
{[%clk 0:39:39]} 24. cxd6 {[%clk 1:20:00]} Rxd6 {[%clk 0:38:02]} 25. Ka1
{[%clk 1:19:25]} Nxc3 {[%clk 0:37:09]} 26. bxc3 {[%clk 1:19:47]} Qa5
{[%clk 0:37:36]} 27. Rc1 {[%clk 1:19:24]} Rd5 {[%clk 0:37:04]} 28. Nb3
{[%clk 1:19:13]} Qd8 {[%clk 0:35:29]} 29. Rhe1 {[%clk 1:17:54]} b6
{[%clk 0:35:16]} 30. Qf3 {[%clk 1:17:19]} a5 {[%clk 0:33:35]} 31. c4
{[%clk 1:16:03]} Rd6 {[%clk 0:34:03]} 32. c5 {[%clk 1:15:12]} Rd5
{[%clk 0:34:31]} 33. cxb6 {[%clk 1:15:07]} Qxb6 {[%clk 0:34:18]} 34. Qc3
{[%clk 1:13:27]} a4 {[%clk 0:32:32]} 35. Nc5 {[%clk 1:13:44]} Qa7
{[%clk 0:31:34]} 36. Rb1+ {[%clk 1:13:54]} Kc8 {[%clk 0:32:01]} 37. Rb4
{[%clk 1:13:57]} 1-0

[Event "Moscow_Open_19_Turnir"]
[Site "?"]
[Date "2019.02.01"]
[Round "8.14"]
[White "Velichko, Artemy"]
[Black "Seliverstov, Vladislav"]
[Result "1-0"]
[BlackElo "2103"]
[WhiteElo "1966"]
[LiveChessVersion "1.4.8"]

1. d4 {[%clk 1:29:55]} d5 {[%clk 1:29:35]} 2. c4 {[%clk 1:30:08]} e6
{[%clk 1:29:50]} 3. e3 {[%clk 1:30:03]} Nf6 {[%clk 1:28:07]} 4. Nf3
{[%clk 1:30:25]} c6 {[%clk 1:28:24]} 5. Nbd2 {[%clk 1:30:48]} Nbd7
{[%clk 1:28:39]} 6. Bd3 {[%clk 1:31:14]} Bd6 {[%clk 1:28:27]} 7. O-O
{[%clk 1:31:23]} O-O {[%clk 1:28:48]} 8. e4 {[%clk 1:31:43]} dxe4
{[%clk 1:27:45]} 9. Nxe4 {[%clk 1:32:11]} Nxe4 {[%clk 1:27:59]} 10. Bxe4
{[%clk 1:32:38]} h6 {[%clk 1:20:00]} 11. Bc2 {[%clk 1:31:24]} Qc7
{[%clk 1:18:52]} 12. Qd3 {[%clk 1:30:32]} Nf6 {[%clk 1:18:51]} 13. b3
{[%clk 1:28:19]} Rd8 {[%clk 1:12:00]} 14. Qe2 {[%clk 1:21:56]} c5
{[%clk 1:06:23]} 15. dxc5 {[%clk 1:21:53]} Qxc5 {[%clk 1:04:43]} 16. Bb2
{[%clk 1:19:18]} Qh5 {[%clk 1:01:17]} 17. h3 {[%clk 1:10:42]} Bd7
{[%clk 0:54:44]} 18. Bxf6 {[%clk 0:58:58]} gxf6 {[%clk 0:54:54]} 19. Qd3
{[%clk 0:58:46]} Bc6 {[%clk 0:54:36]} 20. Qh7+ {[%clk 0:58:32]} Kf8
{[%clk 0:54:51]} 21. Be4 {[%clk 0:58:21]} f5 {[%clk 0:41:12]} 22. Bxc6
{[%clk 0:57:34]} bxc6 {[%clk 0:41:24]} 23. Nd4 {[%clk 0:44:25]} Rac8
{[%clk 0:36:52]} 24. Rae1 {[%clk 0:41:31]} Re8 {[%clk 0:25:41]} 25. Rd1
{[%clk 0:36:02]} Be5 {[%clk 0:16:12]} 26. Rfe1 {[%clk 0:21:38]} Bf6
{[%clk 0:14:16]} 27. Ne2 Rcd8 {[%clk 0:08:59]} 28. Rxd8 Rxd8 29. Nf4
{[%clk 0:10:59]} Qg5 {[%clk 0:09:01]} 30. g3 {[%clk 0:09:54]} e5 {[%clk 0:05:01]}
31. h4 {[%clk 0:09:39]} Qg4 {[%clk 0:04:52]} 32. Ng2 {[%clk 0:09:38]} Qg6
{[%clk 0:03:28]} 33. Qxg6 {[%clk 0:10:07]} fxg6 {[%clk 0:03:57]} 34. Re2
{[%clk 0:08:25]} Rd1+ {[%clk 0:03:46]} 35. Kh2 {[%clk 0:08:53]} Kf7
{[%clk 0:03:53]} 36. Ne3 {[%clk 0:08:29]} Rb1 {[%clk 0:03:35]} 37. h5
{[%clk 0:07:58]} Bg5 {[%clk 0:03:15]} 38. hxg6+ {[%clk 0:08:06]} Kxg6
{[%clk 0:03:44]} 39. Kg2 {[%clk 0:04:40]} Be7 {[%clk 0:02:15]} 40. Rd2
{[%clk 0:03:55]} Bc5 {[%clk 0:02:23]} 41. Nd1 {[%clk 0:03:44]} Bd4
{[%clk 0:02:28]} 42. Kf3 {[%clk 0:02:33]} Kg5 {[%clk 0:02:12]} 43. Ke2
{[%clk 0:02:15]} f4 {[%clk 0:01:54]} 44. Kf3 {[%clk 0:01:42]} c5 {[%clk 0:02:00]}
45. gxf4+ {[%clk 0:01:21]} exf4 {[%clk 0:02:28]} 46. Rd3 {[%clk 0:01:19]} Rc1
{[%clk 0:01:34]} 47. b4 {[%clk 0:00:59]} Rxc4 {[%clk 0:01:20]} 48. bxc5
{[%clk 0:01:25]} Bxc5 {[%clk 0:01:33]} 49. Nc3 {[%clk 0:01:43]} Bb6
{[%clk 0:01:20]} 50. Ne4+ {[%clk 0:01:58]} Rxe4 {[%clk 0:00:51]} 51. Rd5+
{[%clk 0:02:01]} Re5 {[%clk 0:00:49]} 52. Rxe5+ {[%clk 0:02:29]} Kf6
{[%clk 0:01:18]} 53. Rd5 {[%clk 0:02:40]} Ke6 {[%clk 0:01:28]} 54. Rh5
{[%clk 0:03:01]} Kd6 {[%clk 0:01:40]} 55. Rxh6+ {[%clk 0:03:24]} Kc5
{[%clk 0:02:06]} 56. Rxb6 {[%clk 0:03:00]} axb6 {[%clk 0:02:22]} 57. Kxf4
{[%clk 0:03:27]} Kb4 {[%clk 0:02:31]} 58. Ke5 {[%clk 0:03:37]} Ka3
{[%clk 0:02:50]} 59. Kd5 {[%clk 0:03:50]} Kxa2 {[%clk 0:03:06]} 60. Kc4
{[%clk 0:04:04]} Ka3 {[%clk 0:03:00]} 61. Kb5 {[%clk 0:04:20]} Kb3
{[%clk 0:03:24]} 62. f4 {[%clk 0:04:50]} 1-0

[Event "Moscow_Open_19_Turnir"]
[Site "?"]
[Date "2019.02.01"]
[Round "8.15"]
[White "Dulguun, Altankhuyag"]
[Black "Indzhiev, Aldar"]
[Result "0-1"]
[BlackElo "2218"]
[WhiteElo "1681"]
[LiveChessVersion "1.4.8"]

1. d4 {[%clk 1:23:07]} d5 {[%clk 1:30:47]} 2. c4 {[%clk 1:23:36]} e6
{[%clk 1:31:10]} 3. e3 {[%clk 1:23:42]} Nf6 {[%clk 1:31:25]} 4. Qc2
{[%clk 1:24:06]} a6 {[%clk 1:31:45]} 5. b3 {[%clk 1:24:25]} c5 {[%clk 1:31:36]}
6. Nf3 {[%clk 1:24:49]} Nc6 {[%clk 1:32:00]} 7. Bb2 {[%clk 1:24:14]} cxd4
{[%clk 1:32:15]} 8. Nxd4 {[%clk 1:24:31]} Bb4+ {[%clk 1:32:06]} 9. Bc3
{[%clk 1:24:39]} Nxd4 {[%clk 1:30:29]} 10. exd4 {[%clk 1:25:08]} Bxc3+
{[%clk 1:30:45]} 11. Qxc3 {[%clk 1:25:32]} Ne4 {[%clk 1:31:02]} 12. Qb4
{[%clk 1:25:18]} Qf6 {[%clk 1:31:14]} 13. cxd5 {[%clk 1:19:15]} Qxf2+
{[%clk 1:30:27]} 14. Kd1 {[%clk 1:19:44]} Qe3 {[%clk 1:28:09]} 15. Kc2
{[%clk 1:18:15]} exd5 {[%clk 1:23:30]} 16. Bd3 {[%clk 1:18:43]} Qf2+
{[%clk 1:21:08]} 17. Nd2 {[%clk 1:19:09]} a5 {[%clk 1:20:59]} 18. Rhf1
{[%clk 1:10:43]} axb4 {[%clk 1:20:55]} 19. Bxe4 {[%clk 1:10:44]} Qxd4
{[%clk 1:20:25]} 0-1

[Event "Moscow_Open_19_Turnir"]
[Site "?"]
[Date "2019.02.01"]
[Round "8.16"]
[White "Matyunin, Maxim"]
[Black "Borisov, Mark"]
[Result "1-0"]
[BlackElo "1877"]
[WhiteElo "2218"]
[LiveChessVersion "1.4.8"]

1. d4 {[%clk 1:29:01]} Nf6 {[%clk 1:23:22]} 2. Nf3 {[%clk 1:29:27]} g6
{[%clk 1:23:42]} 3. c4 {[%clk 1:29:53]} d5 {[%clk 1:23:59]} 4. cxd5
{[%clk 1:30:02]} Bg7 {[%clk 1:23:49]} 5. Qa4+ {[%clk 1:29:55]} Nbd7
{[%clk 1:23:19]} 6. Nc3 {[%clk 1:30:19]} O-O {[%clk 1:23:10]} 7. e4
{[%clk 1:30:44]} Nb6 {[%clk 1:23:12]} 8. Qc2 {[%clk 1:29:58]} e6 {[%clk 1:15:50]}
9. dxe6 {[%clk 1:30:09]} Bxe6 {[%clk 1:15:57]} 10. Be2 {[%clk 1:30:04]} c6
{[%clk 1:15:32]} 11. O-O {[%clk 1:30:20]} Qd7 {[%clk 1:06:53]} 12. Bg5
{[%clk 1:29:21]} h6 {[%clk 1:05:57]} 13. Be3 {[%clk 1:27:51]} Ng4
{[%clk 1:04:06]} 14. h3 {[%clk 1:24:56]} Nxe3 15. fxe3 {[%clk 1:25:19]} Rad8
{[%clk 0:59:28]} 16. Rad1 {[%clk 1:23:40]} Qc8 {[%clk 0:58:08]} 17. Na4
{[%clk 1:22:52]} h5 {[%clk 0:49:09]} 18. Nxb6 {[%clk 1:22:31]} axb6
{[%clk 0:49:38]} 19. Bd3 {[%clk 1:18:38]} Bh6 {[%clk 0:48:52]} 20. Rde1
{[%clk 1:19:03]} g5 {[%clk 0:39:31]} 21. Qe2 {[%clk 1:12:54]} Kg7
{[%clk 0:23:26]} 22. Nxg5 {[%clk 1:05:45]} Bxg5 {[%clk 0:20:33]} 23. Qxh5
{[%clk 1:06:12]} Bh6 {[%clk 0:20:52]} 24. Rf3 {[%clk 1:06:30]} Rh8
{[%clk 0:21:05]} 25. Qe5+ {[%clk 1:06:55]} Kh7 {[%clk 0:20:41]} 26. Qf6
{[%clk 1:07:11]} Rhg8 {[%clk 0:20:24]} 27. e5+ {[%clk 1:06:28]} Rg6
{[%clk 0:20:38]} 28. Rg3 {[%clk 1:04:10]} Rdg8 {[%clk 0:20:33]} 29. h4
{[%clk 1:04:01]} Bc4 {[%clk 0:12:39]} 30. Bc2 {[%clk 1:03:25]} Qe6
{[%clk 0:11:01]} 31. h5 {[%clk 1:03:20]} R8g7 {[%clk 0:10:48]} 32. hxg6+
{[%clk 1:03:30]} fxg6 {[%clk 0:10:39]} 33. Bxg6+ {[%clk 1:03:17]} Kh8
{[%clk 0:10:49]} 34. Rh3 {[%clk 1:03:12]} 1-0